| 000 | 00000nam##2200000za#4500 |
| 001 | 9.690344 |
| 003 | CaOODSP |
| 005 | 20210624232301 |
| 007 | cr ||||||||||| |
| 008 | 150407|2000||||xxc|||||o f|0| 0 eng|d |
| 040 | |aCaOODSP|beng |
| 043 | |an-cn--- |
| 086 | 1 |aC86-116/2000E-PDF |
| 110 | 1 |aCanada.|bIndustry Canada. |bCanadian Tourism Commission. |
| 245 | 10|aAdventure travel and ecotourism best practices tour 2000 : |h[electronic resource]|bleading Ontario and Québec operators share their exemplary practices / |cprepared by the Economic Planning Group of Canada on behalf of the Canadian Tourism Commission |
| 260 | |aOttawa - Ontario : |bIndustry Canada. |c2000. |
| 300 | |a118p.|bgraphs, illus., tables |
| 500 | |aCanadian cataloguing in publication data printed in these publications. |
| 500 | |aThe catalogue number (C86-116/2000E) and ISBN (0-662-29701-6) for the print edition have been incorrectly copied in this PDF edition. |
| 590 | |a07-06-Supp|b2007-11-30 |
| 690 | 07|aBest practices|2gcpds |
| 690 | 07|aRecreational facilities|2gcpds |
| 690 | 07|aTourism|2gcpds |
| 775 | 08|tTournée des pratiques exemplaires en tourisme d'aventure et écotourisme 2000 : |w(CaOODSP)9.634710 |
| 856 | 40|ahttp://publications.gc.ca|qPDF|s743 KB|uhttps://publications.gc.ca/collections/collection_2007/ic/C86-116-2000E.pdf |